000 00383nam a2200133Ia 4500
008 220217s9999||||xx |||||||||||||| ||und||
020 _a0-201-32565-9
082 _a005.131 BLA
100 _aBlakley, Bob
_93647
245 0 _aCorba security : an introduction to safe computing with obje
260 _aAddition
_bHarlow
_c1999
300 _b300
650 _aPROGRAMMING LANGUAGE
999 _c172339
_d172339